Alle Pokemon Attacken von Typ Käfer - Statistiken

Allgemein
  • Dieses Quiz wurde 107 mal gespielt
    10 seit der letzten Aktualisierung
  • Das Durchschnittsergebnis liegt bei 17 aus 31
Antwortstatistiken
Klasse Stärke Genau. Attacke % Korrekt
status - 95 Fadenschuss
100%
physisch 60 100 Käferbiss
100%
speziell 90 100 Käfergebrumm
100%
speziell 75 100 Ampelleuchte
83%
status - - Falterreigen
83%
physisch 120 85 Vielender
83%
physisch 40 95 Zornklinge
83%
status - - Blockbefehl
67%
physisch 80 100 Blutsauger
67%
physisch 25 100 Duonadel
67%
speziell 50 100 Käfertrutz
67%
physisch 80 100 Kreuzschere
67%
physisch 90 100 Schlagbefehl
67%
speziell 60 100 Silberhauch
67%
status - - Spinnennetz
67%
status - - Heilbefehl
50%
physisch 70 100 Kehrtwende
50%
physisch 25 100 Nadelrakete
50%
speziell 20 95 Plage
50%
physisch 90 100 Überrumpler
50%
physisch 80 100 Anfallen
33%
status - - Klebenetz
33%
physisch 70 100 Krabbelkracher
33%
speziell 90 100 Pollenknödel
33%
physisch 65 100 Quetschwalze
33%
status - - Wutpulver
33%
status - - Fadenfalle
17%
status - 100 Pulverschleuder
17%
status - - Schweifglanz
17%
physisch 50 100 Anspringen
0%
physisch 50 100 Stachelfinale
0%
Keine übereinstimmenden Quizze gefunden
Verteilung der Resultate
Anzahl Personen mit jedem Resultat
Perzentil nach korrekt beantworteten Fragen
Ihre Resultats-Entwicklung
Sie haben dieses Quiz seit der letzten Aktualisierung nicht gespielt